| LEADER | 01081nam a2200205 4500 | ||
|---|---|---|---|
| 999 | |c 5519 |d 5519 | ||
| 082 | |a 421 |b P311C | ||
| 100 | |a Pincas Anita, Barrbara Johnson,Kate Allen | ||
| 245 | |a Writing in English: |c Anita Pincas |b Book 2 | ||
| 260 | |a Ý |b Macmillan |c 1992 | ||
| 300 | |a 72 tr. |c 27cm | ||
| 520 | |a v..v | ||
| 653 | |a Ngôn ngữ | ||
| 653 | |a Tiếng Anh | ||
| 653 | |a Cách viết | ||
| 942 | |2 ddc |c STK0 | ||
| 952 | |0 0 |1 0 |2 ddc |4 0 |6 421_000000000000000_P311C |7 0 |8 400 |9 51500 |a qbu |b qbu |c D4 |d 2014-12-25 |g 14000 |o 421 P311C |p 2576.c1 |w 2014-12-25 |y STK0 |0 0 |6 421_000000000000000_P311C | ||
| 952 | |0 0 |1 0 |2 ddc |4 0 |6 421_000000000000000_P311C |7 0 |8 400 |9 51501 |a qbu |b qbu |c D4 |d 2014-12-25 |g 14000 |o 421 P311C |p 2576.c2 |w 2014-12-25 |y STK0 |0 0 |6 421_000000000000000_P311C | ||
| 952 | |0 0 |1 0 |2 ddc |4 0 |6 421_000000000000000_P311C |7 0 |8 400 |9 51502 |a qbu |b qbu |c D4 |d 2014-12-25 |g 14000 |o 421 P311C |p 2576.c3 |w 2014-12-25 |y STK0 |0 0 |6 421_000000000000000_P311C | ||
| 952 | |0 0 |1 0 |2 ddc |4 0 |6 421_000000000000000_P311C |7 0 |8 400 |9 51503 |a qbu |b qbu |c D4 |d 2014-12-25 |g 14000 |o 421 P311C |p 2576.c4 |w 2014-12-25 |y STK0 |0 0 |6 421_000000000000000_P311C | ||